<?xml version="1.0" encoding="UTF-8"?>
<collection xmlns="http://www.loc.gov/MARC21/slim">
  <record>
    <leader>00000nam  2200000   4500</leader>
    <controlfield tag="001">INLIS000000000001662</controlfield>
    <controlfield tag="005">20230802015351</controlfield>
    <datafield tag="035" ind1="#" ind2="#">
      <subfield code="a">0010-0823000110</subfield>
    </datafield>
    <controlfield tag="007">ta</controlfield>
    <controlfield tag="008">230802################g##########0#ind##</controlfield>
    <datafield tag="020" ind1="#" ind2="#">
      <subfield code="a">978-602-089-439-3</subfield>
    </datafield>
    <datafield tag="082" ind1="#" ind2="#">
      <subfield code="a">649.1</subfield>
    </datafield>
    <datafield tag="084" ind1="#" ind2="#">
      <subfield code="a">649.1 MIA a</subfield>
    </datafield>
    <datafield tag="100" ind1=" " ind2="#">
      <subfield code="a">Miarti Yoga</subfield>
    </datafield>
    <datafield tag="245" ind1="1" ind2="#">
      <subfield code="a">Adversity Quotient :</subfield>
      <subfield code="b">Agar Anak Tak Gampang Menyerah /</subfield>
      <subfield code="c">Miarti Yoga ; Fiedha Hasiem ( Editor ) ; Wendy TAJ ( Desain Sampul dan Isi ) ; Diyanmoto ( Penata Letak Isi ) ; Hartanto ( Proofeader )</subfield>
    </datafield>
    <datafield tag="250" ind1="#" ind2="#">
      <subfield code="a">Cetakan 1</subfield>
    </datafield>
    <datafield tag="260" ind1="#" ind2="#">
      <subfield code="a">Solo :</subfield>
      <subfield code="b">PT Tiga Serangkai Pustaka Mandiri,</subfield>
      <subfield code="c">2016</subfield>
    </datafield>
    <datafield tag="300" ind1="#" ind2="#">
      <subfield code="a">xiv, 242 hlm :</subfield>
      <subfield code="b">ilust ;</subfield>
      <subfield code="c">21cm</subfield>
    </datafield>
    <datafield tag="500" ind1="#" ind2="#">
      <subfield code="a">ditengah hiruk pikuknya dunia ini, kita ingin mencintai anak anak kita dengan benar. &#13;
ada yang mengekspresikan kasih sayangnya dengan cara mendidik yang terlalu keras, tetapi ada juga yang terlalu memaksakan diri untuk memenuhi segala keinginan mereka.</subfield>
    </datafield>
    <datafield tag="600" ind1="#" ind2="4">
      <subfield code="a">ANAK</subfield>
    </datafield>
  </record>
</collection>
